00523nam a2200157 i 4500001000700000003000900007005001700016007000300033008004100036100003900077245006200116260003100178300002600209500007300235852005700308137672ES-MaACL20230906195424.0t|070214n19201929gw r ||||1| ger d1 aSaldaña, Quintiliano,d1878-193810aJugendgesänguisse in Spanien / cQuintiliano Saldaña. a[S. l. : bs. n., c192_?] aP. [53]-64 ; c22 cm. aSonderabdruf and der beitschrift f. strafrechtswissendschast Ab. 45. aES-MaACLj1674-F-12 bR.4572 z.- Ded. ms. del autor